| 000 | 01265cam a2200265 a 4500 | ||
|---|---|---|---|
| 005 | 20171010144042.0 | ||
| 008 | 021201s2002 ck a r 00010 spa d | ||
| 040 |
_ala _cla _dCO-BoIAVH |
||
| 041 | 0 | _aspa | |
| 044 | _ack | ||
| 082 | 0 | 4 |
_a632.18 _bC71m3 |
| 110 | 2 |
_aColombia. _bMinisterio del Medio Ambiente. _bDirección General de Ecosistemas. |
|
| 245 | 1 | 0 |
_aManual del jefe de brigadas forestales / _cDirección General de Ecosistemas del Ministerio del Medio Ambiente. |
| 260 |
_aBogotá : _bEdiciones AECI, _c2002. |
||
| 300 |
_a42 páginas : _bilustraciones ; _c24 x 17 centímetros |
||
| 500 | _aFormulación y puesta en marcha de los programas nacionales de capacitación e información pública en prevención y mitigación de incendios forestales en Colombia. | ||
| 500 | _aIncluye glosario. | ||
| 504 | _aIncluye referencias bibliográficas. | ||
| 650 | 1 | 6 |
_aPrevención de incendios forestales _vManuales. |
| 650 | 2 | 6 |
_aEducación ambiental _vProyectos. |
| 650 | 2 | 6 |
_aVigilancia ambiental _vManuales. |
| 710 | 2 |
_aColombia. _bMinisterio de Relaciones Exteriores. _bAgencia Colombiana de Cooperación Internacional. |
|
| 710 | 2 | _aAgencia Española de Cooperación Internacional | |
| 942 |
_2ddc _cLIBRO |
||
| 999 |
_c2657 _d2657 |
||